The school story / (Record no. 541)

MARC details
000 -LEADER
fixed length control field 01055nam a22002897a 4500
005 - DATE AND TIME OF LATEST TRANSACTION
control field 20230615160836.0
020 ## - INTERNATIONAL STANDARD BOOK NUMBER
International Standard Book Number 0689825943
040 ## - CATALOGING SOURCE
Original cataloging agency DLC
Transcribing agency DLC
Modifying agency DLC
Language of cataloging eng
050 00 - LIBRARY OF CONGRESS CALL NUMBER
Classification number PZ7.C59118
Item number Sc 2001
082 00 - DEWEY DECIMAL CLASSIFICATION NUMBER
Classification number [Fic]
Edition number 21
100 1# - MAIN ENTRY--PERSONAL NAME
Personal name Clements, Andrew
Dates associated with a name 1949-2019
Relator term author.
245 14 - TITLE STATEMENT
Title The school story /
Statement of responsibility, etc. Andrew Clements ; illustrated by Brian Selznick.
260 ## - PUBLICATION, DISTRIBUTION, ETC.
Place of publication, distribution, etc. New York :
Name of publisher, distributor, etc. Atheneum Books for Young Readers
Date of publication, distribution, etc. 2002.
300 ## - PHYSICAL DESCRIPTION
Extent 196 pages. :
Other physical details illustrations. ;
Dimensions 22 cm.
505 ## - FORMATTED CONTENTS NOTE
Formatted contents note M
520 ## - SUMMARY, ETC.
Summary, etc. After twelve-year-old Natalie writes a wonderful novel, her friend Zoe helps her devise a scheme to get it accepted at the publishing house where Natalie's mother works as an editor.
521 ## - TARGET AUDIENCE NOTE
Target audience note 760 <br/>
Source Lexile
521 ## - TARGET AUDIENCE NOTE
Target audience note M <br/>
Source Raz-Plus
650 #1 - SUBJECT ADDED ENTRY--TOPICAL TERM
Topical term or geographic name entry element Publishers and publishing
Form subdivision Fiction.
650 #1 - SUBJECT ADDED ENTRY--TOPICAL TERM
Form subdivision School
650 #1 - SUBJECT ADDED ENTRY--TOPICAL TERM
Topical term or geographic name entry element Authorship
Form subdivision Fiction.
700 1# - ADDED ENTRY--PERSONAL NAME
Personal name Selznick, Brian
Relator term illustrator.
906 ## - LOCAL DATA ELEMENT F, LDF (RLIN)
a 7
b cbc
c orignew
d 1
e ocip
f 20
g y-gencatlg
942 ## - ADDED ENTRY ELEMENTS (KOHA)
Source of classification or shelving scheme Dewey Decimal Classification
Koha item type Books
Suppress in OPAC No
999 ## -
-- 541
-- 541
Holdings
Withdrawn status Lost status Source of classification or shelving scheme Damaged status Not for loan Collection Home library Current library Shelving location Date acquired Total Checkouts Full call number Barcode Date due Date last seen Date last checked out Price effective from Koha item type
    Dewey Decimal Classification     Juvenile Fiction Footprints International School Library Network Toul Kork Campus Footprints International School Library Network Toul Kork Campus TK Primary Library Room(4th Floor), Bookcase 5&6, Shelves 33-56, Orange Books 06/15/2023 1 CLE Fic PZ7.C59 FISTK00648 11/25/2025 11/11/2025 11/11/2025 06/15/2023 Books